000 00715nam a2200217Ia 4500
003 GCL
008 140319s9999 xx 000 0 ara d
020 _a116063477
040 _aGCL /
_cGCL
082 0 4 _a370.15
_bع د
100 1 _aعبدالعزيز الغريب
245 1 0 _aدراسات فى الفكر التربوى /
_cعبدالعزيز الغريب
250 _aالاولى
260 _aالقاهرة :
_bدار فرحة للنشر والتوزيع ،
_c2003
300 _a199 ص ؛
_c24 سم
650 0 4 _aالتنمية الاجتماعية
650 0 4 _aعلم النفس التربوى
650 0 4 _aالتوجية التربوى
650 0 4 _aالتعليم - مصر
942 _2ddc
_cBK
999 _c6386
_d6386